000 01188cab a22002295a 4500
001 L137596
008 070417s2007 xxk f 000 0 eng d
035 _a(Sirsi) u137596
041 0 _aeng
110 2 _aDavis Langdon Mott Green Wall
_bCost Research Department
_95164
245 0 0 _aFire safety measures
260 _c2007
490 0 _aBuilding Services Journal
_v29(4) April 2007, 65-67(2)
520 _aLooks at the likely impact of the new Approved Document B on services budgets. Amendments to Approved Document B cover: smoke ventilation in blocks of flats; sprinkler protection; existing legislation; provision of fire-fighting shafts; unsprinklered compartment size; escape stairs in tall buildings; additional dry risers; floor cavity barriers; and provision of information. A table notes indicative cost against each amendment.
590 _aKA
650 2 4 _aBUILDING REGULATIONS 2000 APPROVED DOCUMENT B VOLUME ONE (2006 EDITION)
650 2 4 _aBUILDING REGULATIONS 2000 APPROVED DOCUMENT B VOLUME TWO (2006 EDITION)
651 4 _aEngland and Wales
_y1543-
690 _aBuilding regulations
_96224
690 _aMANAGEMENT-HEALTH AND SAFETY-FIRE SAFETY
942 _n0
999 _c78670
_d78670